00313nam a22001097a 4500040000900000082001700009100002700026245008700053260003100140300001200171650002000183 cNUST a809.2431,QUR aQureshi, Altaf Hassan  aMulaqatein Kya Kya / ملاقاتیں کیا کیا (Urdu) /cAltaf Hassan Qureshi aLahorebJumhoori Pubc2017 a504 p.; aUrdu Literature